|
|
|
|
| LEADER |
00000cam a2200000 7i4500 |
| 001 |
0000012719 |
| 005 |
20071231.0 |
| 008 |
071231 |
| 020 |
|
|
|a 9833372546
|
| 090 |
0 |
0 |
|a 297.577
|b MOH
|
| 100 |
1 |
|
|a Mohd. Fadzilah Haji Kamsah, Dato'
|
| 245 |
1 |
0 |
|a Langkah bestari isteri mithali
|c Dato' Mohd. Fadzilah Kamsah
|
| 260 |
|
|
|a Selangor :
|b PTS Millennia ,
|c 2005
|
| 440 |
|
|
|a Siri hadiah untuk semua
|
| 650 |
|
0 |
|a Islamic stories, Malay
|
| 650 |
|
0 |
|a Marriage
|x Relegious aspects
|x Islam
|
| 650 |
|
0 |
|a Wives
|x Religious aspects
|x Islam
|
| 710 |
0 |
|
|a Title
|
| 999 |
|
|
|a 0001009623
|b Book
|c Adult Collection
|e Perbadanan Perpustakaan Awam Johor
|
| 999 |
|
|
|a 0001009625
|b Book
|c Adult Collection
|e Perbadanan Perpustakaan Awam Johor
|
| 999 |
|
|
|a 0001009627
|b Book
|c Adult Collection
|e Perbadanan Perpustakaan Awam Johor
|